|
|
|
|
| LEADER |
00871nam a2200229 i 4500 |
| 001 |
c000006306 |
| 003 |
CARM |
| 005 |
00000000000000.0 |
| 008 |
s1967 fr 00000 eng d |
| 019 |
1 |
|
|a 3971318
|z 40259866
|z 64942885
|5 LACONCORD2021
|
| 035 |
|
|
|a (OCoLC)216904210
|5 LACONCORD2021
|
| 100 |
1 |
|
|a Goldmann, Lucien.
|
| 245 |
1 |
0 |
|a Introduction a la philosophie de Kant.
|
| 260 |
|
|
|a [Paris] :
|b Gallimard,
|c 1967.
|
| 300 |
|
|
|a 317 p.
|
| 490 |
0 |
|
|a Collection Idees ;
|v 146
|
| 500 |
|
|
|a Translation of Mensch, Gemeinschaft und Welt in der Philosophie Immanuel Kants.
|
| 600 |
1 |
0 |
|a Kant, Immanuel,
|d 1724-1804.
|
| 852 |
8 |
|
|b CARM
|h A2:AE17G0
|i A00121
|p 0022607
|f BK
|
| 082 |
0 |
|
|a 142.3
|
| 999 |
f |
f |
|i af3312ac-c0a5-583c-91c9-beca47ebb790
|s 07ea5a56-ac22-5a1c-90c8-783290e3dd95
|
| 952 |
f |
f |
|p Can circulate
|a CAVAL
|b CAVAL
|c CAVAL
|d CARM 1 Store
|e A00121
|f A2:AE17G0
|h Other scheme
|i book
|m 0022607
|